The greedy rabbit and other stories

Bibliographic Details
Main Author: Blyton, Enid
Other Authors: Cloke, Rene
Format: Book
Published: London : Award Publications , 1997
Subjects:

MARC

LEADER 00000cam a2200000 7i4500
001 0000009487
002 000010337
005 20000330.0
020 |a 0861631471 
090 0 0 |a JF   |b BLY 
100 1 |a Blyton, Enid 
245 1 4 |a The greedy rabbit and other stories   |c Enid Blyton ; illustrated by Rene Cloke 
260 |a London :   |b Award Publications ,   |c 1997 
300 |a 191p. :   |b ill. ;   |c 19cm. 
650 0 0 |a Children's stories 
700 1 |a Cloke, Rene 
999 |a 041328   |b BUKU   |c PINJAMAN   |e PERPUSTAKAAN KOMUNITI PETALING JAYA 
999 |a 041330   |b BUKU   |c PINJAMAN   |e PERPUSTAKAAN KOMUNITI PETALING JAYA 
999 |a 045207   |b BUKU   |c PINJAMAN   |e PERPUSTAKAAN KOMUNITI PETALING JAYA 
999 |a 045208   |b BUKU   |c PINJAMAN   |e PERPUSTAKAAN KOMUNITI PETALING JAYA 
999 |a 123233   |b BUKU   |c PINJAMAN   |e PERPUSTAKAAN KOMUNITI PETALING JAYA 
999 |a 123234   |b BUKU   |c PINJAMAN   |e PERPUSTAKAAN KOMUNITI PETALING JAYA 
999 |a 123235   |b BUKU   |c PINJAMAN   |e PERPUSTAKAAN KOMUNITI PETALING JAYA